00862nam a2200241Ia 450000100060000000300090000600800410001504000130005604000130006904100120008210000240009410000290011824500710014724500570021825000110027526000080028626000330029426000490032730000590037650001330043565000210056865000310058923114IT-RoPAU130308s9999 xx 000 0 und d aIT-RoPAU cIT-RoPAU aINGLESE aDe Sola Pool Ithiel gCodice Aut. SPICS: 2414 aDirect Broadcast Satellites and the Integrity of National Cultures bNational Sovereignty And International Communication a1a ed. aUSA bAblex Publishing Corporation c1979 [1° Ed.:1979 - Ed.Ling.Originale:1979] a"34 p. (prefazione: no ; testo: 34 [pagine: 120-153])" aTrasmissioni Dirette via satellite e Integrità delle Culture nazionali Nazionalisti della Cultura politiche Alternative in Usa aDIRITTO GENERALE eCodice materia Spics: 4601